[Event "Koge Lang Sommer Weekend"]
[Site "Koge"]
[Date "2020.07.25"]
[Round "5"]
[White "Knudsen, Martin Mosgaard"]
[Black "Refsgaard, Kaj"]
[Result "0-1"]
[WhiteElo "1681"]
[BlackElo "1610"]
[PlyCount "114"]
[EventDate "2020.07.22"]
[EventType "swiss"]
[EventRounds "7"]
[EventCountry "DEN"]
[SourceTitle "EXT 2021"]
[Source "ChessBase"]
[SourceDate "2020.10.23"]
[SourceVersion "1"]
[SourceVersionDate "2020.10.23"]
[SourceQuality "1"]

1. d4 d5 2. Bf4 g6 3. Nc3 Bg7 4. e3 a6 5. Bd3 Nf6 6. Nf3 0-0 7. h3 Nbd7 8. Qd2 c5 9. 0-0 c4 10. Be2 b5 11. a3 Qb6 12. b4 Qe6 13. a4 Bb7 14. axb5 axb5 15. Nxb5 Ne4 16. Qe1 Qb6 17. Na3 c3 18. Qb1 Ra7 19. Nb5 Rxa1 20. Qxa1 Rc8 21. Qa5 Rc6 22. Bc7 Qxa5 23. Bxa5 Ba6 24. Bd3 Nd6 25. Na7 Bxd3 26. Nxc6 Bxf1 27. Kxf1 Kf8 28. Nfe5 Ke8 29. Ke2 Nb5 30. Kd3 f6 31. Nf3 e6 32. Ng1 e5 33. f3 Kf7 34. Ne2 Ke6 35. Nxc3 Nxc3 36. Kxc3 Kd6 37. Na7 f5 38. Nb5+ Kc6 39. Na3 Nb6 40. Bxb6 Kxb6 41. Kd3 e4+ 42. fxe4 fxe4+ 43. Ke2 Kc6 44. c3 Bf6 45. Kf2 h5 46. Kg3 Bg5 47. Kf2 h4 48. b5+ Kb6 49. Ke2 Be7 50. Nc2 Kxb5 51. Nb4 Bxb4 52. cxb4 Kxb4 53. Kf2 Kc3 54. Ke2 Kc2 55. Ke1 Kd3 56. Kf2 Kd2 57. g3 hxg3+ 0-1

[Event "Helsingor Xtracon op"]
[Site "Helsingor"]
[Date "2018.07.23"]
[Round "4"]
[White "Knudsen, Martin Mosgaard"]
[Black "Jorgensen, Alexander Torp"]
[Result "0-1"]
[WhiteElo "1590"]
[BlackElo "1803"]
[PlyCount "86"]
[EventDate "2018.07.21"]
[EventType "swiss"]
[EventRounds "10"]
[EventCountry "DEN"]
[SourceTitle "CBM 185 Extra"]
[Source "ChessBase"]
[SourceDate "2018.07.29"]
[SourceVersion "1"]
[SourceVersionDate "2018.07.29"]
[SourceQuality "1"]

1. d4 Nf6 2. Bf4 c5 3. d5 b5 4. a4 Bb7 5. axb5 Nxd5 6. Bg3 g6 7. e4 Nb6 8. f3 Bg7 9. c3 0-0 10. Nd2 d6 11. Nh3 Qc8 12. Qb3 N8d7 13. Be2 Kh8 14. 0-0 Bh6 15. Rfd1 Be3+ 16. Kh1 Bxd2 17. Rxd2 c4 18. Qb4 Qc5 19. Bxd6 exd6 20. Rxd6 Qxb4 21. cxb4 f5 22. exf5 Rxf5 23. Bxc4 Nxc4 24. Rxd7 Rxb5 25. Ng5 Rxg5 26. Rxb7 Rd5 27. b3 Rad8 28. h3 Rd1+ 29. Rxd1 Rxd1+ 30. Kh2 Nd2 31. Rxa7 Nxb3 32. b5 Rb1 33. Ra8+ Kg7 34. Rb8 Nd4 35. b6 Rb2 36. Kg3 Ne2+ 37. Kh2 Nf4 38. Kg3 g5 39. Kh2 Rxg2+ 40. Kh1 Rb2 41. Rb7+ Kg6 42. Rb8 Nxh3 43. b7 Kh6 0-1

[Event "Koge Xtracon op"]
[Site "Koge"]
[Date "2013.10.14"]
[Round "1"]
[White "Knudsen, Martin Mosgaard"]
[Black "Larsen, Preben R"]
[Result "1/2-1/2"]
[WhiteElo "1683"]
[BlackElo "1821"]
[PlyCount "84"]
[EventDate "2013.10.14"]
[EventType "swiss"]
[EventRounds "9"]
[EventCountry "DEN"]
[SourceTitle "EXT 2014"]
[Source "ChessBase"]
[SourceDate "2013.11.20"]
[SourceVersion "1"]
[SourceVersionDate "2013.11.20"]
[SourceQuality "1"]

1. e4 c5 2. Nf3 Nc6 3. d4 cxd4 4. Nxd4 e5 5. Nb3 Nf6 6. Nc3 Bb4 7. Qd3 d5 8. a3 Bxc3+ 9. bxc3 Nxe4 10. Be2 Be6 11. 0-0 b6 12. f3 Nd6 13. Re1 0-0 14. Kh1 Nc4 15. Qd1 Qe7 16. a4 Rfd8 17. Bxc4 dxc4 18. Nd2 a6 19. Qe2 b5 20. Ne4 Rab8 21. axb5 axb5 22. Ba3 b4 23. cxb4 Nd4 24. Qf2 Nb5 25. c3 Rd3 26. Qb2 Ra8 27. Rec1 Qa7 28. Nc5 Rd6 29. Re1 f6 30. Nxe6 Rxe6 31. Red1 Nxa3 32. Ra2 Ra6 33. Rda1 Qd7 34. h3 R6a7 35. Rxa3 Rxa3 36. Rxa3 Qd1+ 37. Kh2 Rxa3 38. Qxa3 Qb3 39. Qa1 Kf7 40. Qc1 Kg6 41. Qe3 h5 42. Qe4+ Kh6 1/2-1/2

[Event "Taastrup Quick Weekend 12th B3"]
[Site "Taastrup"]
[Date "2010.10.03"]
[Round "5"]
[White "Andersen, Jonas Odgaard"]
[Black "Knudsen, Martin Mosgaard"]
[Result "1/2-1/2"]
[WhiteElo "1470"]
[BlackElo "1482"]
[PlyCount "42"]
[EventDate "2010.10.01"]
[EventType "tourn"]
[EventRounds "5"]
[EventCountry "DEN"]
[SourceTitle "EXT 2023"]
[Source "ChessBase"]
[SourceDate "2022.10.05"]
[SourceVersion "1"]
[SourceVersionDate "2022.10.05"]
[SourceQuality "1"]

1. e4 c5 2. Nf3 d6 3. Bc4 e6 4. Nc3 Nc6 5. d4 cxd4 6. Nxd4 Be7 7. Be3 a6 8. a3 Bd7 9. Qd2 Rc8 10. 0-0 Bf6 11. Nxc6 Rxc6 12. Bb3 Qc7 13. Bd4 Bxd4 14. Qxd4 Nf6 15. Rfe1 0-0 16. e5 dxe5 17. Rxe5 Rd6 18. Qf4 h6 19. Qg3 Rd8 20. Rf1 Bc6 21. Rfe1 Rd2 1/2-1/2